HTML and XML: An introduction (Record no. 110958)
[ view plain ]
| 000 -LEADER | |
|---|---|
| fixed length control field | 00358nam a2200145Ia 4500 |
| 008 - FIXED-LENGTH DATA ELEMENTS--GENERAL INFORMATION | |
| fixed length control field | 230917s9999||||xx |||||||||||||| ||und|| |
| 040 ## - CATALOGING SOURCE | |
| -- | 101413 |
| Original cataloging agency | VIVEKANANDA LIBRARY |
| 041 ## - Language | |
| -- | English |
| 082 ## - DDC NUMBER | |
| Classification number | 005.133 H859H |
| 100 ## - MAIN ENTRY--PERSONAL NAME | |
| Personal name | NIIT |
| 245 #0 - TITLE STATEMENT | |
| Title | HTML and XML: An introduction |
| 260 ## - PUBLICATION, DISTRIBUTION, ETC. (IMPRINT) | |
| Place of publication, distribution, etc | New Delhi |
| Name of publisher, distributor, etc | Prentice-Hall of India |
| Date of publication, distribution, etc | 2003 |
| 300 ## - PHYSICAL DESCRIPTION | |
| Pages | 302 p. |
| 942 ## - ADDED ENTRY ELEMENTS (KOHA) | |
| Koha item type | Books |
| Withdrawn status | Lost status | Damaged status | Not for loan | Location (home branch) | Sublocation or collection (holding branch) | Date acquired | Koha issues (times borrowed) | Koha full call number | Accession No. | Koha date last seen | Koha item type | Shelving location |
|---|---|---|---|---|---|---|---|---|---|---|---|---|
| VIVEKANANDA LIBRARY | VIVEKANANDA LIBRARY | 23/07/2004 | 005.133 H859H | 198318 | 17/09/2023 | Books | ||||||
| VIVEKANANDA LIBRARY | VIVEKANANDA LIBRARY | 23/07/2004 | 005.133 H859H | 198319 | 17/09/2023 | Books | UIET Library | |||||
| VIVEKANANDA LIBRARY | VIVEKANANDA LIBRARY | 23/07/2004 | 2 | 005.133 H859H | 198320 | 04/03/2024 | Books | UIET Library | ||||
| VIVEKANANDA LIBRARY | VIVEKANANDA LIBRARY | 23/07/2004 | 2 | 005.133 H859H | 198321 | 23/12/2025 | Books | UIET Library | ||||
| VIVEKANANDA LIBRARY | VIVEKANANDA LIBRARY | 23/07/2004 | 005.133 H859H | 198322 | 17/09/2023 | Books | ||||||
| VIVEKANANDA LIBRARY | VIVEKANANDA LIBRARY | 23/07/2004 | 005.133 H859H | 198323 | 17/09/2023 | Books | UIET Library | |||||
| VIVEKANANDA LIBRARY | VIVEKANANDA LIBRARY | 23/07/2004 | 005.133 H859H | 198324 | 17/09/2023 | Books | UIET Library | |||||
| VIVEKANANDA LIBRARY | VIVEKANANDA LIBRARY | 23/07/2004 | 1 | 005.133 H859H | 198325 | 04/12/2023 | Books | UIET Library | ||||
| VIVEKANANDA LIBRARY | VIVEKANANDA LIBRARY | 23/07/2004 | 005.133 H859H | 198327 | 17/09/2023 | Books | UIET Library | |||||
| VIVEKANANDA LIBRARY | VIVEKANANDA LIBRARY | 23/07/2004 | 4 | 005.133 H859H | 217422 | 15/01/2026 | Books | UIET Library |
